• 首页
  • 本馆介绍
  • 公告通知
  • 最新文献
  • 馆藏检索
  • 电子资源
  • 读者导购
  • 参考咨询
  • 我的图书馆
  • 登录
  • 详细信息显示
  • 放入我的书架
  • 预约/预借图书
  • 作者相关作品
  • 分类相关作品
  • 丛书相关作品
  • 出版社相关作品

书目信息

  • 表格格式
  • 工作单格式
  • 卡片格式
题名:
药理学
    
 
作者: 陈建国 主编
分册:  
出版信息: 北京   科学出版社  2016.06
页数: 406页
开本: 28cm
丛书名:
单 册:
中图分类: R96
科图分类:
主题词: 药理学--医学院校--教材
电子资源:
ISBN: 978-7-03-047155-0
000 00966nam0 2200241 450
001 1367
005 20180929083030.54
010    @a978-7-03-047155-0@dCNY69.80
100    @a20161019d2016 em y0chiy50 ea
101 0  @achi@deng
102    @aCN@b110000
105    @aa z 001yy
200 1  @a药理学@9yao li xue@f陈建国主编
205    @a4版
210    @a北京@c科学出版社@d2016.06
215    @a406页@c图@d28cm
300    @a“十二五”普通高等教育本科国家级规划教材 全国高等医药院校规划教材 供临床、预防、基础、口腔、麻醉、影像、药学、检验、护理、法医等专业使用
330    @a本书由九篇五十章组成,即药理学总论,作用于传出神经系统药物,作用于中枢神经系统药物,影响自体活性物质的药物,作用于肾脏和心血管系统的药物,作用于内脏和血液系统的药物,作用于内分泌系统的药物,化学治疗药物,影响免疫功能的药物。
606 0  @a药理学@x医学院校@j教材
690    @aR96@v5
701  0 @a陈建国@9chen jian guo@4主编
801  0 @aCN@b91MARC@c20161019
905    @aMuseLib@dR96@e145=4
    
    药理学/陈建国主编.-4版.-北京:科学出版社,2016.06
    406页:图;28cm
    “十二五”普通高等教育本科国家级规划教材 全国高等医药院校规划教材 供临床、预防、基础、口腔、麻醉、影像、药学、检验、护理、法医等专业使用
    
    ISBN 978-7-03-047155-0:CNY69.80
    本书由九篇五十章组成,即药理学总论,作用于传出神经系统药物,作用于中枢神经系统药物,影响自体活性物质的药物,作用于肾脏和心血管系统的药物,作用于内脏和血液系统的药物,作用于内分泌系统的药物,化学治疗药物,影响免疫功能的药物。
●
相关链接 在E读中查询图书 在五车中查询图书 在当当中查询图书 在豆瓣中查询图书


正题名:药理学     索取号:R96/145=4         预约/预借

序号 登录号 条形码 馆藏地/架位号 状态 备注
1 1122332   211223326   第二样本阅览室/ [索取号:R96/145=4] 在馆    
2 1122333   211223335   第三借阅区/ [索取号:R96/145=4] 在馆    
3 1122334   211223344   第三借阅区/ [索取号:R96/145=4] 在馆    
4 1122335   211223353   第三借阅区/ [索取号:R96/145=4] 在馆    
5 1122336   211223362   密集书库-生命科学系/ [索取号:R96/145=4] 在馆    
唐山师范学院图书馆 欢迎您!
大连网信软件有限公司© 版权所有